<La> industria de los viajes en busca de nuevas fronteras.
História vývoja a faktory rozvoja cestovného ruchu. Rozvoj turistického priemyslu v Mexiku - postavenie Mexika vo svetovom turizme. Úloha vládnej politiky v rozvoji turizmu. Federálny zákon o turizme z r. 1974. Príjmy z cestovného ruchu v r. 1985-1990. Štátna podpora rozvoja turistického priemyslu.
Guardado en:
| Autor principal: | |
|---|---|
| Formato: | Capítulo de libro |
| Lenguaje: | español |
| Materias: | |
| Etiquetas: |
Sin Etiquetas, Sea el primero en etiquetar este registro!
|
MARC
| LEADER | 00000naa a2200000 4500 | ||
|---|---|---|---|
| 001 | r005473 | ||
| 005 | 20221130102727.4 | ||
| 041 | 0 | |a spa | |
| 044 | |a MX | ||
| 245 | 1 | 0 | |a <La> industria de los viajes en busca de nuevas fronteras. |c E. Cabello |
| 520 | |a História vývoja a faktory rozvoja cestovného ruchu. Rozvoj turistického priemyslu v Mexiku - postavenie Mexika vo svetovom turizme. Úloha vládnej politiky v rozvoji turizmu. Federálny zákon o turizme z r. 1974. Príjmy z cestovného ruchu v r. 1985-1990. Štátna podpora rozvoja turistického priemyslu. | ||
| 610 | 2 | 0 | |a ruch cestovný |
| 610 | 2 | 0 | |a Mexiko |
| 610 | 2 | 0 | |a programy vládne |
| 610 | 2 | 0 | |a zákony |
| 610 | 2 | 0 | |a 1974 |
| 610 | 2 | 0 | |a rentabilita odvetví |
| 610 | 2 | 0 | |a príjmy rozpočtu štátneho |
| 610 | 2 | 0 | |a údaje štatistické |
| 610 | 2 | 0 | |a subvencie |
| 100 | 1 | |a Cabello, E. | |